000 00664nam a2200241 a 4500
999 _c12452
_d12452
001 12452
003 BD-JhCC
005 20220518134021.0
008 220217b2012 enk |||| ||a| 000 0 eng d
020 _a9781565645783
035 _a(BD-JhCC)12452
040 _aBD-JhCC
_dBD-JhCC
041 _aEnglish
082 _a297
_bAYO 2012
100 _aAyoub, Mahmoud
245 _aContemporary Approaches To The Qur'an And Sunnah /
_cMahmoud Ayoub.
260 _aLondon :
_bThe International Institute Of Islamic Thought;
_c2012.
300 _a230 p. :
_c22 cm.
650 _aIslamic Literature
650 _aIslamic Law
942 _2ddc
_cBK
_01